000 00389 a2200169 4500
001 157433
020 _a978-85-7153-293-9
040 _cEscola São Tomás de Aquino
100 _aAMORIM, José Roberto
240 1 0 _aO vermelho da maçã
_lpor
245 1 0 _aO vermelho da maçã
300 _a196
362 0 _a2012
440 1 _aRHJ
697 _a*LITERATURA JUVENIL
942 _cBK
999 _c157433
_d157433